ბათუმის შოთა რუსთაველის სახელმწიფო უნივერსიტეტის ბიბლიოთეკა

სოციალური დემოკრატიის საფუძვლები : (ბიბ.ჩანაწერი № 58611)

000 -ლიდერი
ფიქსირებული სიგრძის საკონტროლო ველი 01337nam a22002177a 4500
003 - საკონტროლო ნომრის იდენტიფიკატორი
საკონტროლო ველი Ge_BSU
005 - ბოლო ოპერაციის თარიღი და დრო
საკონტროლო ველი 20220614124552.0
008 - ფიქსირებული სიგრძის მონაცემთა ელემენტები - ზოგადი ინფორმაცია
ფიქსირებული სიგრძის საკონტროლო ველი 220614s2011 ge ||||| |||| 00| 0 geo d
020 ## - წიგნის საერთაშორისო სტანდარტული ნომერი
International Standard Book Number 9789941037924
041 ## - ენის კოდი
Language code of text/sound track or separate title geo
080 ## - უნივერსალური ათობითი კლასიფიკაციის ინდექსი
Universal Decimal Classification number 321.7 ს-74
245 ## - ცნობა სათაურის შესახებ
Title სოციალური დემოკრატიის საფუძვლები :
Remainder of title [კრებული] /
Statement of responsibility, etc ტობიას გომბერტი [და სხვ.].
264 ## - წარმოების, გამოცემის, დისტრიბუციის და სხვა ცნობები
გამოცემის, წარმოების, დისტრიბუციის... ადგილი თბ. :
გამოცემის, წარმოების, დისტრიბუციის... სახელწოდება ფრიდრიხ ებერტის ფონდი,
გამოცემის, წარმოების, დისტრიბუციის... თარიღი 2011.
300 ## - ფიზიკური აღწერა
Extent 160 გვ. ;
Other physical details 22 სმ.
490 ## - სერიის ცნობა
Series statement სოციალური დემოკრატიის კურსი ;
Volume number/sequential designation 1
653 ## - INDEX TERM--UNCONTROLLED
Uncontrolled term სოციალური დემოკრატია
700 ## - ADDED ENTRY--PERSONAL NAME
Personal name გომბერტი, ტობიას
Relator term ავტორი
Fuller form of name
9 (RLIN) 14074
700 ## - ADDED ENTRY--PERSONAL NAME
Personal name ბლეზიუსი, იულია და სხვ.
Relator term ავტორი
9 (RLIN) 14075
856 ## - ELECTRONIC LOCATION AND ACCESS
Uniform Resource Identifier http://progressive.ge/uploads/files/%E1%83%A1%E1%83%9D%E1%83%AA%E1%83%98%E1%83%90%E1%83%9A%E1%83%A3%E1%83%A0%E1%83%98%20%E1%83%93%E1%83%94%E1%83%9B%E1%83%9D%E1%83%99%E1%83%A0%E1%83%90%E1%83%A2%E1%83%98%E1%83%98%E1%83%A1%20%E1%83%A1%E1%83%90%E1%83%A4%E1%83%A3%E1%83%AB%E1%83%95%E1%83%9A%E1%83%94%E1%83%91%E1%83%98.pdf
Link text ელ. ვერსია. pdf
942 ## - ADDED ENTRY ELEMENTS (KOHA)
Source of classification or shelving scheme
Koha item type წიგნი
ეგზემპლარები
ჩამოწერის სტატუსი დაკარგული ეგზემპლარის სტატუსი კლასიფიკაციის წყარო ან თაროზე გაწყობის სქემა დაზიანების სტატუსი არ გაიცემა მუდმივი მდებარეობა (დაცვის ადგილი) ამჟამინდელი ადგილსამყოფელი თაროზე განთავსების ადგილი შეძენის თარიღი ღირებულება, შესყიდვის ნორმალური ფასი სრული შენახვის შიფრი შტრიხკოდი ბოლო ოპერაციის თარიღი ეგზემპლარის მიმდევრობითი ნომერი (კეტერი?) ფასის ძალაში შესვლის თარიღი ეგზემპლარის სახეობა საჯარო შენიშვნა
          ბათუმის შოთა რუსთაველის სახელმწიფო უნივერსიტეტის მთავარი ბიბლიოთეკა ბათუმის შოთა რუსთაველის სახელმწიფო უნივერსიტეტის მთავარი ბიბლიოთეკა წიგნსაცავი 2022-06-14 12.00 321.7 ს-74 62656 2022-06-14 62656 2022-06-14 წიგნი 12 ლ.